Erkenne die Sprache an Hallo - Statistiken

Allgemein
  • Dieses Quiz wurde 406 mal gespielt
  • Das Durchschnittsergebnis liegt bei 11 aus 15
Antwortstatistiken
Wort Sprache % Korrekt
Hallo Deutsch
100%
Hello Englisch
100%
Bonjour Französisch
96%
Ciao Italienisch
93%
こんにちは Japanisch
84%
مرحبًا Arabisch
81%
Merhaba Türkisch
73%
Olá Portugiesisch
70%
Γειά σου Griechisch
66%
Cześć Polnisch
66%
Привіт Ukrainisch
65%
Hallo Niederländisch
57%
Salve Lateinisch
45%
Hei Finnisch
42%
سلام Persisch
34%
Keine übereinstimmenden Quizze gefunden
Verteilung der Resultate
Anzahl Personen mit jedem Resultat
Perzentil nach korrekt beantworteten Fragen
Ihre Resultats-Entwicklung
Sie haben dieses Quiz noch nicht gespielt